000 01085nam a22003257a 4500
003 CHAP
005 20250613110403.0
008 971013s1988 r 00010 d
010 _a68235
011 _a69207
035 _a78682
040 _cCHAP
090 _aTesis
100 0 0 _aHernández González, José Luis.
_954072
245 _aCaracterización del complejo agroindustrial piña en el bajo Papaloapan
260 _aChapingo, Méx. :
_bEl autor,
_c1988
300 _a232 h.
500 _a27-119
502 _aTesis (Ing. Agrónomo esp. en industrias agrícolas) -- UACH. Departamento de Industrias Agrícolas
590 _aALEPH
_b10
_c20130110
_lUCH01
_h1404
590 _aBATCH-UPD
_b10
_c20130110
_lUCH01
_h1258
590 _aBATCH-UPD
_b10
_c20130410
_lUCH01
_h0817
590 _aBATCH-UPD
_b10
_c20130914
_lUCH01
_h1914
590 _aCONVERSION
_b10
_c20130109
_lUCH01
_h1337
650 1 7 _aPiña (Ananas comosus)
_xIndustria
_2
_988405
650 1 4 _aProyectos industriales.
_992531
901 _aBK
942 _cTESIS
949 _bBC
_cTES
_d-31557
_eTS1
_h20339
_i78682
_si
999 _c68235
_d68235